Ztracená sovička /

Příběh malé sovičky, která se ztratí své mamince, v bohatě ilustrované knížce s pevnými listy.

Uloženo v:
Hlavní autor: Haughton, Chris (Autor, Ilustrátor)
Další autoři: Mrázek, Ondřej (Autor)
Médium: Kniha
Jazyk:Czech
Vydáno: Šamorin : Zelený kocúr, [2021]
Témata:
Celkem bylo vypůjčeno:0x
Tagy:
Žádné tagy
LEADER 01827nam a2200397 i 4500
001 106323
003 CZ PrSKC
005 20260512151114.0
007 ta
008 210917t20212021xo a a 000 j cze
020 |a 9788089761845  |q (vázáno) 
040 |a ABG001  |b cze  |e rda 
041 1 |a cze  |h eng 
072 7 |a 821-93  |x Literatura pro děti a mládež (beletrie)  |2 Konspekt  |9 26 
080 |a 821-93  |2 MRF 
080 |a (0.025.2)  |2 MRF 
100 1 |a Haughton, Chris  |7 mzk2014804140  |4 aut  |9 117344  |4 ill 
240 1 0 |a Bit lost.  |l Česky 
245 1 0 |a Ztracená sovička /  |c Chris Haughton ; překlad: Ondřej Mrázek 
264 1 |a Šamorin :  |b Zelený kocúr,  |c [2021] 
264 4 |c ©2021 
300 |a 30 nečíslovaných stran :  |b barevné ilustrace ;  |c 16 cm 
336 |a text  |b txt  |2 rdacontent 
336 |a statický obraz  |b sti  |2 rdacontent 
337 |a bez média  |b n  |2 rdamedia 
338 |a svazek  |b nc  |2 rdacarrier 
500 |a Přeloženo z angličtiny? 
500 |a Kartonové listy 
520 2 |a Příběh malé sovičky, která se ztratí své mamince, v bohatě ilustrované knížce s pevnými listy.  |b Malá sovička jednoho dne usne a vypadne z hnízda. Všetečná veverka jí pomáhá najít maminku mezi lesními zvířaty. Ale ani zvířátko velké, ani se špičatýma ušima a velkýma očima není maminka malého ptáčete. Je potřeba najít takovou maminku, která má všechny tyto znaky a touto dobou svou malou sovičku již určitě hledá. 
655 7 |a leporela  |7 fd132727  |2 czenas  |9 53691 
655 7 |a publikace pro děti  |7 fd133156  |2 czenas  |9 23 
700 1 |a Mrázek, Ondřej  |7 pna2007383895  |4 trl  |9 4929 
910 |a UOG502 
942 |2 ddc  |c KN 
999 |d 106323 
993 |0 0  |1 421180107044  |2 ddc  |4 0  |7 0  |9 99696  |b 0  |c 107044  |d 2026-05-12  |e 0  |f M  |h 249.00  |i Koupě  |l M  |r 2026-05-12  |t 8  |w 2026-05-12  |y KN  |z LEPO  |n